| 000 | 00374 a2200145 4500 | ||
|---|---|---|---|
| 001 | 164464 | ||
| 020 | _a | ||
| 040 | _cMagnum | ||
| 100 | _aDavies, Nicholas | ||
| 240 | 1 | 0 |
_aO fundef e o orcamento da educacao: desvendando a caixa preta _lpor |
| 245 | 1 | 0 | _aO fundef e o orcamento da educacao: desvendando a caixa preta |
| 362 | 0 | _a1899 | |
| 697 | _aENSINO | ||
| 942 | _cBK | ||
| 999 |
_c164464 _d164464 |
||